| 000 | 01058cam a22002174a 4500 | ||
|---|---|---|---|
| 005 | 20250605164140.0 | ||
| 008 | 250528s ||||||||||||||||||||||||d | ||
| 035 | _a18951 | ||
| 020 | _a393950956 | ||
| 040 |
_aGR-AtMCL _bgre _dGR-AtMCL _eAACR2 |
||
| 245 | 1 | _aWorld Civilizations / Their History and Their Culture; Volume II | |
| 250 | _a6th | ||
| 260 |
_bW.W. Norton & Company, _c1982 |
||
| 300 | _a1450 | ||
| 520 | _aOne of the most popular and widely used texts in history, now contains more non-Western material than any other book in the field. List of Illustrations, Preface, The Age of Absolutism, The Intellectual Revolution of the Seventeenth and Eighteenth Centuries, India and the Far East and Africa During the Early Modern Era, The French and the Industrial Revolutions and Their Consequences, The West at the World's Center, The Emergence of World Civilizations, Rules of the Principal States, Preface. | ||
| 700 | 1 |
_aBurns Edward Mcnall _95232 |
|
| 700 | 1 |
_aRalph Philip L _95233 |
|
| 942 | _cBK | ||
| 999 |
_c4248 _d4248 |
||